Schaum's A-Z mathematics / (Record no. 7437)
[ view plain ]
| 000 -LEADER | |
|---|---|
| fixed length control field | 00696nam a2200193Ia 4500 |
| 020 ## - INTERNATIONAL STANDARD BOOK NUMBER | |
| ISBN | 0071419365 |
| 020 ## - INTERNATIONAL STANDARD BOOK NUMBER | |
| ISBN | 9780071419369 |
| 050 ## - CALL NUMBER | |
| Classification number | QA40 |
| Item number | .S25 |
| 100 ## - AUTHOR | |
| Personal name | Berry, J S |
| 245 00 - TITLE | |
| Title | Schaum's A-Z mathematics / |
| Statement of responsibility, etc | John Berry [and others]. |
| 260 ## - PUBLICATION INFORMATION | |
| Place of publication | New York : |
| Name of publisher | McGraw-Hill, |
| Year of publication | ©2003. |
| 300 ## - DESCRIPTION | |
| Number of Pages | vi, 259 pages : |
| Dimensions | 24 cm; |
| Other physical details | illustrations. |
| 440 ## - SERIES | |
| SERIES | Schaum's A-Z series. |
| 500 ## - NOTES | |
| General note | Revised edition of: The complete A-Z mathematics handbook. 2nd ed. c2000.<br/>"Originally published by Hodder & Stoughton Educational-- London"--Title page verso. |
| 505 ## - FORMATTED CONTENTS NOTE | |
| Table of Content | A - Z |
| 650 #0 - SUBJECTS | |
| Topical Term | Mathematics -- |
| General subdivision | Handbooks, manuals, etc. |
| 700 1# - OTHER AUTHORS | |
| Personal name | John Berry [and others]. |
| 942 ## - ADDED ENTRY ELEMENTS (KOHA) | |
| Koha item type | Books |
| Withdrawn status | Lost status | Home library | Current library | Shelving location | Date acquired | Full call number | Accession Number | Koha item type | Collection code |
|---|---|---|---|---|---|---|---|---|---|
| Methodist University Library Main | Methodist University Library Main | General Stacks | 01/04/2007 | QA40 .S25 | 28659 | Books | |||
| Methodist University Library Main | Methodist University Library Main | General Stacks | 01/04/2007 | QA40 .S25 | 28657 | Books | |||
| Methodist University Library Main | Methodist University Library Main | General Stacks | 01/04/2007 | QA40 .S25 | 28658 | Books | |||
| Methodist University Library Main | Methodist University Library Main | General Stacks | 01/04/2007 | QA40 .S25 | 28660 | Books | |||
| Methodist University Library Main | Methodist University Library Main | General Stacks | 01/04/2007 | QA40 .S25 | 28656 | Books | |||
| Methodist University Library Main | Methodist University Library Main | General Stacks | 01/04/2007 | QA40 .S25 | 28662 | Books | Reference | ||
| Methodist University Library Main | Methodist University Library Main | General Stacks | 01/04/2007 | QA40 .S25 | 28663 | Books | Reference | ||
| Methodist University Library Main | Methodist University Library Main | General Stacks | 01/04/2007 | QA40 .S25 | 28661 | Books |